Statystyki dla Najpopularniejsze numery rap/trap tygodnia.20-26.11 Spotify

Kliknij tutaj aby rozwiązać quiz!

Ogólne statystyki

  • Ten quiz został rozwiązany 12 razy
  • Średni wynik to 13 z 15

Statystyki odpowiedzi

WykonawcaOdsłuchaniaUtwór% Poprawnych
Żabson, Mata632KAromatyczne Przyprawy
100%
Reto495KBilly Kid
100%
Quebonafide, Daria Zawiałow401KBUBBLETEA
100%
Guzior, Oskar83830KFALA
100%
Kabe523KNad ranem
92%
Taco Hemingway366KPolskie Tango
92%
Wiatr, Sobel, Be Vis543KTestarossa
92%
Żabson, Young Leosia, Beteo, Borucci427KULALA
92%
Guzior416KBLUEBERRY
83%
Alberto392KDwutakt
83%
Sobel364KImpreza
75%
Bedoes, Lanek705KRewolucja Romantyczna
75%
Guzior405KKUSHKOMA
67%
Pezet, Kayah435KNisko jest niebo
58%
chillwagon354Kzbastuj bajerke
42%

Rozkład punktacji

Percentyl według liczby udzielonych odpowiedzi

Procent ludzi z każdym wynikiem

Twoja historia wyników

Nie rozwiązałeś tego quizu